[Event "Druga liga Srbije grupa Vojvodina 2013"]
[Site "Stari Banovci"]
[Date "2013.11.07"]
[Round "5.1"]
[White "Galyas, Miklos"]
[Black "Sertic, Rudolf"]
[Result "1/2-1/2"]
[WhiteElo "2435"]
[BlackElo "2358"]
[PlyCount "115"]
[EventDate "2013.11.04"]

1. d4 d5 2. c4 c6 3. Nc3 Nf6 4. e3 e6 5. Nf3 Nbd7 6. b3 Bd6 7. Be2 O-O 8. O-O
dxc4 9. bxc4 e5 10. Qc2 exd4 11. exd4 h6 12. c5 Bc7 13. Bc4 b5 14. Bb3 Kh8 15.
a3 a5 16. Bd2 Rb8 17. Rfe1 Nh5 18. Qe4 Ndf6 19. Qd3 Bg4 20. Ne5 Bxe5 21. Rxe5
Nd7 22. Re3 Nhf6 23. Rae1 Bh5 24. h3 Bg6 25. Qe2 b4 26. Nb1 Nd5 27. Bxd5 cxd5
28. axb4 axb4 29. Rb3 Qa5 30. Bf4 Qa4 31. Qb2 Rbe8 32. Be3 Rb8 33. Bf4 Rbe8 34.
Ree3 Rxe3 35. fxe3 Nf6 36. Rxb4 Qd1+ 37. Kh2 Ne4 38. Nc3 Nxc3 39. Qxc3 Qc2 40.
Qxc2 Bxc2 41. g4 Rc8 42. Rb7 Kg8 43. Rd7 Bb3 44. Kg3 Rc6 45. h4 Ra6 46. Be5 Rc6
47. Kf4 f6 48. Bb8 g5+ 49. hxg5 hxg5+ 50. Kf3 Bd1+ 51. Kg3 Bb3 52. Ba7 Re6 53.
Kf2 Kf8 54. e4 Ke8 55. Rg7 Bc4 56. e5 fxe5 57. dxe5 Ba6 58. Bb6 1/2-1/2

[Event "Druga liga Srbije grupa Vojvodina 2013"]
[Site "Stari Banovci"]
[Date "2013.11.07"]
[Round "5.1"]
[White "Mijatovic, Dejan"]
[Black "Kolognat, Petar"]
[Result "1/2-1/2"]
[WhiteElo "2273"]
[BlackElo "2293"]
[PlyCount "63"]
[EventDate "2013.11.04"]

1. d4 Nf6 2. Nf3 e6 3. Bf4 c5 4. e3 Nc6 5. c3 d5 6. Nbd2 Bd6 7. Bg3 Bxg3 8.
hxg3 Qe7 9. Ne5 cxd4 10. exd4 Nxe5 11. dxe5 Nd7 12. Nf3 Qc5 13. Bd3 Qb6 14. Qc2
h6 15. Rh4 Nc5 16. Rb4 Qc7 17. Bb5+ Bd7 18. Bxd7+ Nxd7 19. Qe2 O-O-O 20. O-O-O
Kb8 21. Kb1 Rc8 22. Re1 Ka8 23. Nd4 a6 24. Qe3 Rhf8 25. f4 Nc5 26. Nb3 Ne4 27.
Nd2 Nxd2+ 28. Qxd2 Qe7 29. Qe2 Rc6 30. Qg4 g6 31. Qe2 h5 32. Rd1 1/2-1/2

[Event "Druga liga Srbije grupa Vojvodina 2013"]
[Site "Stari Banovci"]
[Date "2013.11.07"]
[Round "5.1"]
[White "Markovic, Dragan M"]
[Black "Popov, Stevan"]
[Result "1/2-1/2"]
[WhiteElo "2022"]
[BlackElo "2188"]
[PlyCount "27"]
[EventDate "2013.11.04"]

1. e4 e5 2. Nc3 Nf6 3. g3 Bc5 4. Bg2 d6 5. h3 a6 6. Nge2 Nc6 7. O-O Be6 8. Kh2
h5 9. d3 Qe7 10. Be3 Bxe3 11. fxe3 O-O-O 12. Nd5 Bxd5 13. exd5 Nb8 14. Nc3
1/2-1/2

[Event "Druga liga Srbije grupa Vojvodina 2013"]
[Site "Stari Banovci"]
[Date "2013.11.07"]
[Round "5.2"]
[White "Stojanovic, Dalibor"]
[Black "Runic, Zoran"]
[Result "1-0"]
[WhiteElo "2508"]
[BlackElo "2424"]
[PlyCount "69"]
[EventDate "2013.11.04"]

1. e4 e5 2. Bc4 Nf6 3. d3 Be7 4. Nf3 d6 5. O-O O-O 6. Re1 Be6 7. Nbd2 Nc6 8. c3
Qd7 9. Bb3 Rae8 10. d4 exd4 11. cxd4 Bg4 12. d5 Nd4 13. Nf1 Nxf3+ 14. gxf3 Bh5
15. Ng3 Qh3 16. Ba4 Rd8 17. Bb5 Bg6 18. Bf1 Qh4 19. Be3 c5 20. dxc6 bxc6 21.
Rc1 d5 22. e5 Nd7 23. f4 f6 24. e6 Nb8 25. f5 d4 26. Rc4 c5 27. fxg6 hxg6 28.
Bd2 Nc6 29. f4 Bd6 30. Qf3 Ne7 31. b4 cxb4 32. Bxb4 g5 33. Bxd6 Rxd6 34. Rc7 g4
35. Qa3 1-0

[Event "Druga liga Srbije grupa Vojvodina 2013"]
[Site "Stari Banovci"]
[Date "2013.11.07"]
[Round "5.2"]
[White "Radusinovic, Lazar"]
[Black "Ratkovic, Milovan"]
[Result "1-0"]
[WhiteElo "2281"]
[BlackElo "2267"]
[PlyCount "65"]
[EventDate "2013.11.04"]

1. d4 d5 2. Nf3 Nc6 3. g3 Bg4 4. Bg2 Qd7 5. O-O O-O-O 6. Re1 h5 7. Ne5 Nxe5 8.
dxe5 h4 9. Qd4 hxg3 10. hxg3 b6 11. c4 Qf5 12. cxd5 Qh5 13. f3 Qh2+ 14. Kf2 Bh3
15. Rg1 e6 16. d6 cxd6 17. Bg5 f6 18. Nd2 d5 19. Rac1+ Kb8 20. Nf1 Qxg1+ 21.
Kxg1 Bc5 22. Rxc5 bxc5 23. Qxc5 fxg5 24. Qb5+ Ka8 25. Bxh3 Rxh3 26. Qc6+ Kb8
27. Qxe6 Rh6 28. Qf7 Rb6 29. b3 Ra6 30. Qxg7 Rxa2 31. Qxg5 Re8 32. Kf2 d4 33.
e6 1-0

[Event "Druga liga Srbije grupa Vojvodina 2013"]
[Site "Stari Banovci"]
[Date "2013.11.07"]
[Round "5.2"]
[White "Munizaba, Slobodan"]
[Black "Elez, Nikola"]
[Result "0-1"]
[WhiteElo "2335"]
[BlackElo "2217"]
[PlyCount "74"]
[EventDate "2013.11.04"]

1. d4 d6 2. Nf3 Bg4 3. Nbd2 g6 4. h3 Bxf3 5. Nxf3 Bg7 6. c4 Nf6 7. Qb3 Qc8 8.
g3 O-O 9. Bg2 Nbd7 10. O-O c6 11. Be3 Qc7 12. Rac1 Rfe8 13. Rfd1 e5 14. dxe5
dxe5 15. Nd2 b6 16. c5 b5 17. g4 Red8 18. g5 Nh5 19. Ne4 Nf4 20. Bxf4 exf4 21.
Rd6 Ne5 22. Rcd1 Kf8 23. Nc3 a6 24. Qb4 Nc4 25. Rxc6 Rxd1+ 26. Nxd1 Qd8 27. Qb3
f3 28. exf3 Qxg5 29. f4 Qxf4 30. Ne3 Bd4 31. Qd1 Nxe3 32. fxe3 Qxe3+ 33. Kh1
Re8 34. h4 Qf4 35. Bf3 Qg3 36. Be2 Qxh4+ 37. Kg2 Qf2+ 0-1

[Event "Druga liga Srbije grupa Vojvodina 2013"]
[Site "Stari Banovci"]
[Date "2013.11.07"]
[Round "5.2"]
[White "Indjic, Stefan"]
[Black "Ratkovic, Miloje"]
[Result "0-1"]
[WhiteElo "2097"]
[BlackElo "2273"]
[PlyCount "71"]
[EventDate "2013.11.04"]

1. e4 c5 2. Nf3 d6 3. Bb5+ Nd7 4. O-O Ngf6 5. d4 Nxe4 6. Re1 Nef6 7. dxc5 dxc5
8. Ng5 e6 9. Bc4 Be7 10. Bxe6 O-O 11. Qe2 Nb6 12. Bxc8 Nxc8 13. Nc3 a6 14. Nge4
Nxe4 15. Qxe4 Qd7 16. Bf4 Bf6 17. Rad1 Qc6 18. Qxc6 bxc6 19. Na4 Nb6 20. Nxc5
Bxb2 21. Rd6 Rac8 22. Rd3 Rfe8 23. Rxe8+ Rxe8 24. Kf1 Nd5 25. Bd2 Be5 26. g3
Bc7 27. c4 Nb6 28. Nxa6 Be5 29. f4 Bf6 30. c5 Nd5 31. Nb4 Nxb4 32. Bxb4 Rb8 33.
a3 Rb5 34. Rd7 h5 35. Bd2 Rxc5 36. Ra7 0-1

[Event "Druga liga Srbije grupa Vojvodina 2013"]
[Site "Stari Banovci"]
[Date "2013.11.07"]
[Round "5.2"]
[White "Orlov, Konstantin"]
[Black "Zobenica, Ivan"]
[Result "0-1"]
[WhiteElo "2236"]
[BlackElo "2064"]
[PlyCount "72"]
[EventDate "2013.11.04"]

1. Nf3 Nf6 2. c4 d6 3. d4 Nbd7 4. Nc3 e5 5. e4 c6 6. Be2 Be7 7. O-O O-O 8. b4
d5 9. exd5 Bxb4 10. Qb3 Bxc3 11. Qxc3 e4 12. Nd2 cxd5 13. cxd5 Nxd5 14. Qb3
N7f6 15. Nc4 Be6 16. Qg3 Qc7 17. Qxc7 Nxc7 18. Ba3 Rfd8 19. Nd6 Bd5 20. Rfc1
Ne6 21. Bc4 Nxd4 22. Bxd5 Nxd5 23. Rc4 Nc3 24. Nxb7 Rdc8 25. Rxc8+ Rxc8 26. Nd6
Rc6 27. Kf1 Nc2 28. Rc1 Nxa3 29. Nxe4 Nab1 30. f3 f5 31. Nxc3 Nxc3 32. Ke1 Re6+
33. Kd2 Nxa2 34. Rc8+ Kf7 35. Rc7+ Re7 36. Rc4 Rb7 0-1

[Event "Druga liga Srbije grupa Vojvodina 2013"]
[Site "Stari Banovci"]
[Date "2013.11.07"]
[Round "5.2"]
[White "Gavric, Zivojin"]
[Black "Milojevic, Dusan"]
[Result "1/2-1/2"]
[WhiteElo "2124"]
[BlackElo "2231"]
[PlyCount "39"]
[EventDate "2013.11.04"]

1. e4 c5 2. Nc3 a6 3. g3 Nc6 4. Bg2 g6 5. f4 Bg7 6. Nf3 d6 7. O-O Nf6 8. h3 O-O
9. d3 Rb8 10. Be3 b5 11. a3 b4 12. axb4 Rxb4 13. Qc1 Nd4 14. Kh2 Nd7 15. Nd2
Nb6 16. Rf2 c4 17. dxc4 Nxc4 18. Nxc4 Rxc4 19. Bf1 Rc6 20. Ra4 1/2-1/2

[Event "Druga liga Srbije grupa Vojvodina 2013"]
[Site "Stari Banovci"]
[Date "2013.11.07"]
[Round "5.3"]
[White "Sekulic, Dusan"]
[Black "Savanovic, Vuk"]
[Result "1-0"]
[WhiteElo "2298"]
[BlackElo "2297"]
[PlyCount "165"]
[EventDate "2013.11.04"]

1. d4 Nf6 2. Nf3 g6 3. c4 Bg7 4. g3 O-O 5. Bg2 d6 6. Nc3 Nbd7 7. O-O e5 8. Qc2
exd4 9. Nxd4 Nb6 10. Rd1 c6 11. c5 Nbd5 12. Na4 dxc5 13. Nxc5 Qe7 14. e4 Nb4
15. Qc4 Nd7 16. Nxd7 Bxd7 17. Bf4 Rfd8 18. Bc7 Rdc8 19. Nf5 Bxf5 20. Bd6 Qf6
21. Qxb4 Bg4 22. e5 Qf5 23. f3 Bxf3 24. Rf1 Qg4 25. Rxf3 Qxb4 26. Bxb4 Bxe5 27.
Bc3 Bxc3 28. Rxc3 Rd8 29. Rb3 Rd7 30. Re1 Rad8 31. Bf3 Kg7 32. Kf2 f5 33. h4
Kf6 34. Ree3 h6 35. Rec3 g5 36. Rc4 Re8 37. Rc2 Re6 38. Re2 Rxe2+ 39. Kxe2 Ke5
40. Re3+ Kf6 41. Rc3 Rd4 42. Rb3 gxh4 43. gxh4 b6 44. h5 c5 45. a3 Kg5 46. Re3
Rh4 47. Re6 Kf4 48. Rg6 Rh3 49. Bg2 Rxh5 50. Kf2 Rg5 51. Rxh6 Rg7 52. Bh3 Rf7
53. Rh4+ Ke5 54. Rc4 Rd7 55. Ke3 Rd1 56. Bg2 Rb1 57. Rc2 Rd1 58. Bf3 Rd7 59.
Rc4 Rh7 60. Ra4 a5 61. Kf2 Ra7 62. Ke3 Rh7 63. Bg2 Rh2 64. Kf2 Rh6 65. Rc4 Rd6
66. Ke2 Rh6 67. Kf2 Rd6 68. Rc2 Rd3 69. Bf1 Rd4 70. Bc4 Rh4 71. Kg3 Rg4+ 72.
Kh3 Rg6 73. a4 Kd4 74. b3 Ke3 75. Re2+ Kf3 76. Re6 Rg7 77. Kh4 Kf4 78. Kh5 Rb7
79. Kg6 Kg4 80. Kf6 f4 81. Re5 f3 82. Rg5+ Kh3 83. Ke6 1-0

[Event "Druga liga Srbije grupa Vojvodina 2013"]
[Site "Stari Banovci"]
[Date "2013.11.07"]
[Round "5.3"]
[White "Grujic, Zoran"]
[Black "Azaric, Slavko"]
[Result "1/2-1/2"]
[WhiteElo "2322"]
[BlackElo "2294"]
[PlyCount "48"]
[EventDate "2013.11.04"]

1. Nf3 Nf6 2. c4 d6 3. d4 g6 4. Nc3 Bg7 5. e4 O-O 6. Be2 e5 7. Be3 exd4 8. Nxd4
Re8 9. f3 c6 10. Bf2 d5 11. exd5 cxd5 12. O-O Nc6 13. c5 Nh5 14. Qd2 Be5 15. g3
Ng7 16. Rfd1 Be6 17. Ncb5 a6 18. Nxc6 bxc6 19. Nd4 Qd7 20. Bf1 Nf5 21. b4 Nxd4
22. Bxd4 Bxd4+ 23. Qxd4 Bh3 24. Bd3 Bf5 1/2-1/2

[Event "Druga liga Srbije grupa Vojvodina 2013"]
[Site "Stari Banovci"]
[Date "2013.11.07"]
[Round "5.3"]
[White "Vencl, Radivoje"]
[Black "Cabarkapa, Velibor"]
[Result "1/2-1/2"]
[WhiteElo "2284"]
[BlackElo "2289"]
[PlyCount "35"]
[EventDate "2013.11.04"]

1. d4 Nf6 2. Nf3 e6 3. Bg5 d5 4. e3 Nbd7 5. c4 c6 6. Nc3 Be7 7. Bd3 O-O 8. O-O
b6 9. Qe2 Bb7 10. Rfd1 c5 11. dxc5 bxc5 12. cxd5 exd5 13. Ba6 Qb6 14. Bxb7 Qxb7
15. Rd2 Nb6 16. b3 Ne4 17. Bxe7 Qxe7 18. Nxe4 1/2-1/2

[Event "Druga liga Srbije grupa Vojvodina 2013"]
[Site "Stari Banovci"]
[Date "2013.11.07"]
[Round "5.3"]
[White "Krejic, Igor"]
[Black "Vucinic, Gojko"]
[Result "1/2-1/2"]
[WhiteElo "2216"]
[BlackElo "2294"]
[PlyCount "71"]
[EventDate "2013.11.04"]

1. e4 c5 2. Ne2 Nf6 3. Nbc3 d6 4. g3 Nc6 5. Bg2 g6 6. O-O Bg7 7. b3 O-O 8. Bb2
e6 9. f4 d5 10. e5 Nd7 11. d4 f6 12. exf6 Bxf6 13. dxc5 Nxc5 14. Qd2 b5 15.
Rab1 Qb6 16. Kh1 Bb7 17. b4 Nxb4 18. Nxb5 Bxb2 19. Rxb2 Qxb5 20. Rxb4 Qa5 21.
c3 Ba6 22. Rfb1 Bxe2 23. Qxe2 Rac8 24. a4 Rfe8 25. Qd2 Qc7 26. Qd4 Qg7 27. Qe3
Kf8 28. a5 Qc7 29. Rb5 Re7 30. Qd4 Kg8 31. h4 Ne4 32. Bxe4 dxe4 33. Rb7 Qxb7
34. Rxb7 Rxb7 35. Qxe4 Re7 36. Qe5 1/2-1/2

[Event "Druga liga Srbije grupa Vojvodina 2013"]
[Site "Stari Banovci"]
[Date "2013.11.07"]
[Round "5.3"]
[White "Vujasinovic, Mihajlo"]
[Black "Dimitrijevic, Nenad"]
[Result "0-1"]
[WhiteElo "2153"]
[BlackElo "2197"]
[PlyCount "80"]
[EventDate "2013.11.04"]

1. d4 Nf6 2. Nf3 g6 3. c4 Bg7 4. Nc3 O-O 5. e4 d6 6. h3 e5 7. d5 Na6 8. Bg5 h6
9. Be3 Nh5 10. Qd2 Kh7 11. g4 Nf4 12. Rg1 f5 13. Qd1 fxg4 14. hxg4 c6 15. Rg3
cxd5 16. cxd5 Qa5 17. Nd2 Bd7 18. Nb3 Qd8 19. a3 Bf6 20. Qd2 Bh4 21. Rg1 Nc7
22. Ne2 Bg5 23. O-O-O Ba4 24. Qb4 b5 25. Kb1 Na6 26. Qd2 Bxb3 27. Rc1 Nxe2 28.
Bxe2 Bc4 29. Bxc4 bxc4 30. Rxc4 Rc8 31. Ra4 Nc5 32. Rxa7+ Rc7 33. Qa5 Rff7 34.
Bf4 exf4 35. f3 Qb8 36. Ra8 Qb3 37. Rf8 Nd3 38. Rxf7+ Rxf7 39. Rg2 Qd1+ 40. Ka2
Nc1+ 0-1

[Event "Druga liga Srbije grupa Vojvodina 2013"]
[Site "Stari Banovci"]
[Date "2013.11.07"]
[Round "5.3"]
[White "Banovic, Ivan"]
[Black "Gajin, Nikola"]
[Result "1-0"]
[WhiteElo "2170"]
[BlackElo "2136"]
[PlyCount "71"]
[EventDate "2013.11.04"]

1. d4 Nf6 2. c4 c5 3. d5 b5 4. cxb5 a6 5. bxa6 Bxa6 6. Nc3 g6 7. Nf3 Bg7 8. Nd2
Qa5 9. e4 Bxf1 10. Kxf1 d6 11. g3 O-O 12. Kg2 Nbd7 13. Qc2 Rfb8 14. Rb1 Qa6 15.
b3 Ne5 16. a4 Nd3 17. Nb5 Nb4 18. Qd1 Qc8 19. Qe2 Ng4 20. Nc4 h5 21. h3 Nf6 22.
Bb2 h4 23. g4 Qd7 24. Rhe1 Rb7 25. Rbd1 Qc8 26. f4 Qd7 27. Bxf6 Bxf6 28. e5
dxe5 29. fxe5 Bg5 30. e6 fxe6 31. Qxe6+ Qxe6 32. Rxe6 Kg7 33. d6 Nc6 34. Rd5
Nd8 35. Re2 Bf6 36. g5 1-0

[Event "Druga liga Srbije grupa Vojvodina 2013"]
[Site "Stari Banovci"]
[Date "2013.11.07"]
[Round "5.4"]
[White "Varga, Zoltan"]
[Black "Robulj, Nenad"]
[Result "1-0"]
[WhiteElo "2441"]
[BlackElo "2322"]
[PlyCount "49"]
[EventDate "2013.11.04"]

1. c4 e6 2. Nc3 d5 3. cxd5 exd5 4. d4 Nf6 5. Bg5 Nbd7 6. e3 c6 7. Bd3 Bd6 8.
Nge2 Nf8 9. Qc2 Ne6 10. Bh4 h5 11. O-O-O g5 12. Bg3 h4 13. Bxd6 Qxd6 14. f3 Bd7
15. Bf5 Ng7 16. Bxd7+ Qxd7 17. e4 O-O-O 18. e5 Nfh5 19. g4 hxg3 20. hxg3 Ne6
21. Nb5 Kb8 22. Nd6 f6 23. Qg6 fxe5 24. Nf7 Nf8 25. Qxg5 1-0

[Event "Druga liga Srbije grupa Vojvodina 2013"]
[Site "Stari Banovci"]
[Date "2013.11.07"]
[Round "5.4"]
[White "Joksimovic, Dragoljub"]
[Black "Jesenski, Tibor"]
[Result "1/2-1/2"]
[WhiteElo "2164"]
[BlackElo "2328"]
[PlyCount "85"]
[EventDate "2013.11.04"]

1. c4 Nf6 2. Nc3 g6 3. g3 Bg7 4. Bg2 O-O 5. d4 d6 6. e3 c6 7. Nge2 Nbd7 8. O-O
e5 9. b4 exd4 10. exd4 Nb6 11. b5 Nxc4 12. bxc6 bxc6 13. Bxc6 Bh3 14. Re1 Rc8
15. Bf3 Re8 16. Nf4 Bf5 17. Nfd5 Nxd5 18. Nxd5 Rxe1+ 19. Qxe1 Bxd4 20. Ne7+ Kh8
21. Bg5 f6 22. Nxc8 Ne5 23. Bg2 Bxa1 24. Qxa1 fxg5 25. Nxa7 Qf6 26. Kh1 Bd7 27.
Qb2 Kg7 28. h3 Nd3 29. Qxf6+ Kxf6 30. Bf1 Nxf2+ 31. Kg2 Ne4 32. Nb5 Bxb5 33.
Bxb5 Nc3 34. Bc4 d5 35. Bb3 Ke5 36. Kf3 Kd4 37. Kg4 h6 38. Bc2 Nxa2 39. Bxg6
Ke3 40. Kh5 Kf3 41. Kxh6 Kxg3 42. Kxg5 Kxh3 43. Bf7 1/2-1/2

[Event "Druga liga Srbije grupa Vojvodina 2013"]
[Site "Stari Banovci"]
[Date "2013.11.07"]
[Round "5.4"]
[White "Arbutina, Sinisa"]
[Black "Mitrovic, Zivadin"]
[Result "1-0"]
[WhiteElo "2280"]
[BlackElo "2187"]
[PlyCount "125"]
[EventDate "2013.11.04"]

1. d4 e6 2. c4 d5 3. Nc3 Nf6 4. Bg5 Nbd7 5. e3 dxc4 6. Bxc4 Nb6 7. Bb3 Be7 8.
Nf3 Nfd5 9. Bxe7 Qxe7 10. Rc1 Nxc3 11. Rxc3 c6 12. O-O O-O 13. a3 Rd8 14. Qe2
Nd7 15. Rd1 Nf8 16. Bc2 Bd7 17. Be4 Rac8 18. Rdc1 Be8 19. Qc2 Rb8 20. b4 f6 21.
Qb3 Bf7 22. Qa4 a6 23. Qa5 Bg6 24. Bxg6 hxg6 25. Qc5 Qc7 26. a4 Rd5 27. Qc4 Qb6
28. Rb3 Rbd8 29. h3 R8d7 30. Rcb1 Qc7 31. g3 Kf7 32. Kg2 Ke8 33. Qc2 Kf7 34.
Rc3 Qb6 35. Nd2 Qd8 36. Nc4 Re7 37. Qb3 Rh5 38. Nd2 Qd5+ 39. Qxd5 Rxd5 40. Nc4
Nd7 41. b5 axb5 42. axb5 c5 43. dxc5 Nxc5 44. Nb6 Rf5 45. Rb4 Re5 46. f3 f5 47.
Rbc4 Nd7 48. Nc8 Rd5 49. Rd4 Rxd4 50. exd4 b6 51. Nxe7 Kxe7 52. Rc6 g5 53. h4
g4 54. fxg4 fxg4 55. Kf2 Kf7 56. Ke3 Nf6 57. Kf4 Ke7 58. Kg5 Nd5 59. Kg6 Ne3
60. Kxg7 Nf5+ 61. Kg6 Nxd4 62. h5 Nxc6 63. bxc6 1-0

[Event "Druga liga Srbije grupa Vojvodina 2013"]
[Site "Stari Banovci"]
[Date "2013.11.07"]
[Round "5.4"]
[White "Vlajkovic, Goran"]
[Black "Marjanusic, Vladimir"]
[Result "0-1"]
[WhiteElo "2173"]
[BlackElo "2272"]
[PlyCount "74"]
[EventDate "2013.11.04"]

1. d4 d5 2. c4 c6 3. Nc3 Nf6 4. Nf3 e6 5. Bg5 dxc4 6. e4 b5 7. e5 h6 8. Bh4 g5
9. Nxg5 hxg5 10. Bxg5 Nbd7 11. exf6 Bb7 12. g3 Qb6 13. Bg2 O-O-O 14. O-O c5 15.
d5 b4 16. Ne2 exd5 17. Nf4 d4 18. Nd5 Qe6 19. Ne7+ Bxe7 20. fxe7 Rde8 21. Bxb7+
Kxb7 22. Qf3+ Qc6 23. Qxc6+ Kxc6 24. Rfe1 Kd5 25. Re2 f6 26. Bh4 c3 27. Kf1
cxb2 28. Rb1 Rh7 29. Rbxb2 Rhxe7 30. g4 a5 31. Rxe7 Rxe7 32. f4 Re4 33. Bg3 c4
34. Re2 d3 35. Rxe4 Kxe4 36. g5 fxg5 37. fxg5 b3 0-1

[Event "Druga liga Srbije grupa Vojvodina 2013"]
[Site "Stari Banovci"]
[Date "2013.11.07"]
[Round "5.4"]
[White "Milurovic, Uros"]
[Black "Besedes, Danilo"]
[Result "1/2-1/2"]
[WhiteElo "2082"]
[BlackElo "1974"]
[PlyCount "28"]
[EventDate "2013.11.04"]

1. d4 Nf6 2. Bg5 Ne4 3. Bf4 d5 4. Nd2 Nxd2 5. Qxd2 Bf5 6. e3 Nd7 7. Bd3 Bg6 8.
Nf3 e6 9. Ne5 Be7 10. c3 c6 11. O-O Nxe5 12. Bxe5 Bxd3 13. Qxd3 Bf6 14. Bg3 Bh4
1/2-1/2

[Event "Druga liga Srbije grupa Vojvodina 2013"]
[Site "Stari Banovci"]
[Date "2013.11.07"]
[Round "5.5"]
[White "Bodiroga, Predrag"]
[Black "Indjic, Dusan"]
[Result "1-0"]
[WhiteElo "2389"]
[BlackElo "2291"]
[PlyCount "89"]
[EventDate "2013.11.04"]

1. d4 Nf6 2. c4 c5 3. d5 g6 4. Nc3 Bg7 5. e4 d6 6. h3 O-O 7. Nf3 e6 8. Bd3 exd5
9. exd5 a6 10. a4 Re8+ 11. Be3 Bh6 12. O-O Bxe3 13. fxe3 Kg7 14. e4 Nbd7 15.
Qd2 b6 16. Rf2 Ra7 17. Raf1 Ng8 18. a5 bxa5 19. Bc2 Ne5 20. Ba4 Ree7 21. Nxe5
Rxe5 22. Rf4 f6 23. Bd1 Rb7 24. b3 Bd7 25. Qa2 Rb4 26. Bc2 Qb6 27. Nd1 Re8 28.
Qa1 Qd8 29. Nf2 a4 30. Nd3 Rb8 31. bxa4 Qe7 32. Kh1 Rb7 33. Qc3 Reb8 34. R4f2
g5 35. Qd2 Be8 36. h4 h6 37. hxg5 hxg5 38. Rxf6 Nxf6 39. Qxg5+ Bg6 40. Nf4 Rh8+
41. Kg1 Rh6 42. Ne6+ Kh7 43. Rxf6 Qe8 44. e5 Bxc2 45. Rxh6# 1-0

[Event "Druga liga Srbije grupa Vojvodina 2013"]
[Site "Stari Banovci"]
[Date "2013.11.07"]
[Round "5.5"]
[White "Petakov, Uros"]
[Black "Remecki, Sinisa"]
[Result "1-0"]
[WhiteElo "2348"]
[BlackElo "2232"]
[PlyCount "47"]
[EventDate "2013.11.04"]

1. d4 Nf6 2. Nf3 b6 3. e3 Bb7 4. Bd3 e6 5. O-O Be7 6. Nbd2 d5 7. b3 Nbd7 8. Bb2
O-O 9. c4 c5 10. Qe2 Ne4 11. Rad1 Qc7 12. Bb1 f5 13. cxd5 exd5 14. Ne5 Nxe5 15.
dxe5 Qc6 16. Nxe4 fxe4 17. f3 exf3 18. Rxf3 Rxf3 19. Qxf3 Rf8 20. Qh3 g6 21. e6
Bf6 22. Rf1 Bxb2 23. Rxf8+ Kxf8 24. Qf3+ 1-0

[Event "Druga liga Srbije grupa Vojvodina 2013"]
[Site "Stari Banovci"]
[Date "2013.11.07"]
[Round "5.5"]
[White "Onjin, Branko"]
[Black "Stanojevic, Branko"]
[Result "1/2-1/2"]
[WhiteElo "1987"]
[BlackElo "2291"]
[PlyCount "39"]
[EventDate "2013.11.04"]

1. c4 Nf6 2. Nc3 e5 3. g3 Bc5 4. Nf3 Nc6 5. Bg2 O-O 6. O-O d6 7. h3 h6 8. d3
Be6 9. e4 a6 10. a3 Nd4 11. Nxd4 Bxd4 12. Ne2 c5 13. Nxd4 cxd4 14. f4 b5 15. b3
bxc4 16. bxc4 Rb8 17. Bd2 Nh7 18. f5 Bd7 19. Qc2 Qc7 20. Rfb1 1/2-1/2

[Event "Druga liga Srbije grupa Vojvodina 2013"]
[Site "Stari Banovci"]
[Date "2013.11.07"]
[Round "5.5"]
[White "Kovacevic, Dragan"]
[Black "Jacimovic, Zoran"]
[Result "1-0"]
[WhiteElo "2236"]
[BlackElo "2169"]
[PlyCount "101"]
[EventDate "2013.11.04"]

1. e4 c6 2. d4 d5 3. exd5 cxd5 4. Bd3 Nc6 5. c3 Qc7 6. h3 Nf6 7. Nf3 e6 8. Nbd2
Bd6 9. O-O O-O 10. Re1 e5 11. dxe5 Nxe5 12. Nxe5 Bxe5 13. Nf3 Bf4 14. Nd4 Bd7
15. Qf3 Bxc1 16. Raxc1 Rfe8 17. Bf5 Bxf5 18. Nxf5 Re4 19. Rxe4 dxe4 20. Qe3 h6
21. Rd1 b6 22. Rd6 Rd8 23. Qg3 Nh5 24. Rxd8+ Qxd8 25. Qg4 Qg5 26. Qxe4 Nf4 27.
g3 Ne6 28. Kg2 Qd2 29. Qa8+ Kh7 30. Ne7 Nd8 31. c4 Qd4 32. b4 Qd7 33. Qe4+ g6
34. Nd5 Qe6 35. Qxe6 fxe6 36. Ne7 Kg7 37. b5 Nb7 38. Nc8 Kf7 39. Kf3 Ke8 40.
Ke4 Kd7 41. Nxa7 Kd6 42. Nc8+ Kc5 43. Ke5 Na5 44. Kxe6 Nxc4 45. Kf6 Nd2 46.
Kxg6 Ne4 47. Kxh6 Nxf2 48. h4 Kxb5 49. Kg6 Kc5 50. Nxb6 Kxb6 51. h5 1-0

[Event "Druga liga Srbije grupa Vojvodina 2013"]
[Site "Stari Banovci"]
[Date "2013.11.07"]
[Round "5.5"]
[White "Zarin, David"]
[Black "Kovacevic, Djordje"]
[Result "0-1"]
[WhiteElo "1916"]
[BlackElo "2104"]
[PlyCount "78"]
[EventDate "2013.11.04"]

1. e4 Nf6 2. e5 Nd5 3. d4 d6 4. c4 Nb6 5. exd6 exd6 6. Nc3 Nc6 7. b3 Be7 8. Be3
Bf5 9. Bd3 Qd7 10. Nf3 d5 11. c5 Bxd3 12. Qxd3 Nc8 13. O-O O-O 14. Rfe1 Bf6 15.
Bg5 Bxg5 16. Nxg5 g6 17. Re3 h6 18. Nf3 N8e7 19. a3 a6 20. Rae1 Nf5 21. R3e2
Ng7 22. Qd2 Kh7 23. Ne5 Nxe5 24. Rxe5 c6 25. Re7 Qc8 26. Qf4 Qf5 27. Qc7 Qd3
28. Na4 Kg8 29. h3 Nf5 30. Rd7 Qd2 31. Rf1 Nxd4 32. Nb6 Rae8 33. Qxb7 Re1 34.
g3 Rxf1+ 35. Kxf1 Qd1+ 36. Kg2 Qf3+ 37. Kg1 Ne2+ 38. Kf1 Nxg3+ 39. Ke1 Qe2# 0-1

[Event "Druga liga Srbije grupa Vojvodina 2013"]
[Site "Stari Banovci"]
[Date "2013.11.07"]
[Round "5.5"]
[White "Skoko, Milan"]
[Black "Adamov, Ivan"]
[Result "1-0"]
[WhiteElo "2239"]
[BlackElo "1901"]
[PlyCount "99"]
[EventDate "2013.11.04"]

1. e4 c5 2. c3 d5 3. exd5 Qxd5 4. d4 Nf6 5. Nf3 Bg4 6. dxc5 Qxc5 7. Na3 a6 8.
Be3 Qc7 9. h3 Bh5 10. Be2 Nbd7 11. O-O e6 12. Nc2 Bc5 13. Bxc5 Nxc5 14. Nfd4
Bg6 15. Ne3 Rd8 16. Qc1 Nd3 17. Bxd3 Bxd3 18. Rd1 Bg6 19. Ne2 O-O 20. Rd4 e5
21. Rxd8 Rxd8 22. Qe1 Bd3 23. Rd1 Nh5 24. Nc1 e4 25. Nf5 Qe5 26. Nd4 Bc4 27. b3
Bd5 28. Qe3 Nf4 29. Nde2 Ne6 30. f4 Qc7 31. f5 Nf8 32. Nd4 b5 33. Nce2 Bb7 34.
Rf1 Nd7 35. Nf4 Nf6 36. g4 h6 37. Rf2 Qc5 38. b4 Qe5 39. Rg2 Ne8 40. g5 h5 41.
Nxh5 Nd6 42. Qf4 Qd5 43. Nf6+ gxf6 44. gxf6+ Kf8 45. Ne6+ Ke8 46. Nc7+ Kd7 47.
Nxd5 Bxd5 48. Rd2 Rg8+ 49. Kh2 Kc6 50. Qe5 1-0